000 02580cam a22005054i 4500
003 PE-LiUPU
005 20250731173406.0
008 150706s r 000 0 d
020 _a9780825412714
035 _a(Sirsi) i9780825412714
040 _aPE-LiUPU
_bspa
_cPE-LiUPU
_erda
049 _aPRUA
082 0 4 _a242.722
_bG38
_221
100 1 _aGeorge, Jim,
_d1943- ,
_eautor.
245 1 0 _aExtraordinarias oraciones de la Biblia :
_bel poder transformador para su vida /
_cJim George.
264 1 _aMichigan :
_bPORTAVOZ,
_c2005.
300 _a239 páginas ;
_c21 cm.
336 _atext
_2rdacontent
337 _aunmediated
_2rdamedia
338 _avolume
_2rdacarrier
505 0 _aUnas palabras para el viaje -- Abraham -- Un hombre de extraordinaria de fe -- Moisés -- Un hombre de extraordinaria humildad -- Ana -- Una mujer extraordinaria gratitud -- Samuel -- Un hombre extraordinario fidelidad -- David -- Un hombre de extraordinaria confianza -- Nehemías -- Un hombre de extraordinario propósito -- Job -- Un hombre de extraordinario carácter -- Jeremías -- Un hombre de extraordinaria determinación -- Daniel -- Un hombre de extraordinaria integridad -- Una mujer de extraordinaria adoración -- Pablo -- Un hombre de extraordinaria pasión -- Jesús Un hombre de extraordinaria oración -- Lista general de principios de oración .
526 _aSEG42
526 _aSEG41
526 _aSEG40
526 _aSEG39
526 _aP94
526 _aP87
526 _aP86
526 _aP85
526 _aP77
526 _aP76
526 _aP35
541 _g001-001093;
541 _g001-0000612;
630 _aBiblia
_xOraciones.
650 0 4 _aOración.
910 _agl
_bjv
_cng
_d20110811
942 _2ddc
_cBOOK
949 _a242.722 G38
_wDEWEY
_c1
_i63315
_lCCODEBUL1
_mBUL
_p12.00
_r0
_sY
_tBOOK
_u2015-7-6
_xTEOLOGIA
_PP35
_o.STAFF. Colección General
949 _a242.722 G38
_wDEWEY
_c2
_i65780
_lCCODEBUL1
_mBUL
_p27.00
_r0
_sY
_tBOOK
_u2015-7-6
_xTEOLOGIA
_PP35
_o.STAFF. Colección General
994 _aC0
_bPEPRU
596 _a1
999 _a242.722 G38
_wDEWEY
_c52317
_i63315
_d52317
_e2017-6-2
_f2021-11-10
_g5
_lCCODEBUL1
_mBUL
_n1
_p12.00
_r0
_sY
_tBOOK
_u2015-7-6
_xTEOLOGIA
_PP35
_0COMPRA
_o.STAFF. Colección General
999 _a242.722 G38
_wDEWEY
_c2
_i65780
_f2021-11-10
_g5
_lCCODEBUL1
_mBUL
_p27.00
_r0
_sY
_tBOOK
_u2015-7-6
_xTEOLOGIA
_PP35
_0COMPRA
_o.STAFF. Colección General
980 _81
_gALBERTO SANCHEZ Responsable de Automatización